Location of Top 50 U.S. Universities - Statistics

General Stats
  • This quiz has been taken 44 times
  • The average score is 35 of 50
Answer Stats
# School Location % Correct
1 _______ Princeton
95%
17 UCLA Los Angeles
89%
20 Michigan Ann Arbor
87%
3 Harvard Cambridge
87%
7 Duke Durham
87%
4 Yale New Haven
87%
15 Columbia New York
87%
32 Georgia Tech Atlanta
84%
7 Johns Hopkins Baltimore
84%
17 Rice Houston
84%
28 USC Los Angeles
84%
32 NYU New York
84%
24 Georgetown Washington
84%
30 Texas Austin
82%
36 Wisconsin Madison
82%
17 Vanderbilt Nashville
82%
24 Emory Atlanta
79%
15 UC _______ Berkeley
79%
2 MIT Cambridge
79%
26 North Carolina Chapel Hill
79%
7 Penn Philadelphia
79%
13 Brown Providence
76%
29 UCSD San Diego
76%
46 Northeastern Boston
74%
26 Virginia Charlottesville
74%
30 Florida Gainesville
74%
32 UC ____ Irvine
74%
12 Cornell Ithaca
74%
20 Carnegie Mellon Pittsburgh
74%
20 Notre Dame South Bend
74%
41 Ohio State Columbus
71%
36 Illinois Champaign-Urbana
68%
42 Washington Seattle
68%
32 UC ____ Davis
66%
7 Northwestern Evanston
66%
4 Stanford Palo Alto
66%
40 UC ____ _______ Santa Barbara
66%
42 Maryland College Park
63%
20 Washington St. Louis
63%
46 Georgia Athens
61%
42 Rutgers New Brunswick
53%
6 ______ Chicago
50%
11 Caltech Pasadena
50%
36 _____ College Boston
47%
13 Dartmouth Hanover
47%
46 Purdue West Lafayette
45%
46 Lehigh Bethlehem
32%
36 Tufts Medford
29%
42 _____ University Boston
26%
46 ________ Rochester
8%
No matching quizzes found
Score Distribution
Percent of People with Each Score
Percentile by Number Answered
Your Score History
You have not taken this quiz